Normal view
MARC view
- الحدود العربية- نزاعات
Entry Topical Term
001 - CONTROL NUMBER
- control field: 14090
003 - CONTROL NUMBER IDENTIFIER
- control field: JO-AjAnu
005 - DATE AND TIME OF LATEST TRANSACTION
- control field: 20230606072542.0
008 - FIXED-LENGTH DATA ELEMENTS
- fixed length control field: 230606|| aca||aabn | a|a d
040 ## - CATALOGING SOURCE
- Original cataloging agency: JO-AjAnu
- Transcribing agency: JO-AjAnu
150 ## - HEADING--TOPICAL TERM
- Topical term or geographic name entry element: الحدود العربية- نزاعات
670 ## - SOURCE DATA FOUND
- Source citation: Work cat.: (JO-AjAnu)7243: المخاادمى، عبد القادر رزيق, author 14089, نزاعات الحدود العربية